| 000 | 00747nam a22002297a 4500 | ||
|---|---|---|---|
| 001 | BD-DhSAU 3592 | ||
| 003 | BD-DhSAU | ||
| 005 | 20150208134109.0 | ||
| 008 | 150208b1955 -usa|||| |||| 00| 0 eng d | ||
| 040 | _aBD-DhSAU | ||
| 082 |
_222 _a630 _bUNY |
||
| 110 | _aThe United States Department of Agriculture | ||
| 245 |
_aWater : _bthe yearbook of agriculture 1955 / _cThe United States Department of Agriculture & Alfred Stefferud (Ed.) |
||
| 260 |
_aWashington : _bThe United States Government Prinitng Office , _cc1955. |
||
| 300 |
_axiii, 751 p. : _bill. ; _c24 cm. |
||
| 504 | _aIncludes bibliographical references. | ||
| 590 | _aJerin | ||
| 650 | _aSoil Science | ||
| 650 | _aWater | ||
| 650 | _aSoil | ||
| 700 | _aStefferud, Alfred (Ed.) | ||
| 942 |
_2ddc _cBOOK |
||
| 999 |
_c3592 _d3592 |
||